1608 1639 1816 1936 1597 1439 1827 1311 1967 1466 1231 1297 1527 1976 1936 1537 1078 1962 1209 1363 1178 1428 1911 1799 1777 1323 1749 1502 1895 1021 1114 1374 1733 1086 1232 1749 1252 1416 1915 1039 1479 1699 1984 1503 1679 1708 1081 1985 1417 1757 1521 1060 1682 1937 1691 1288 1339 1397 1188 1200 1424 1660 1990 1321 1716 1056 1584 1009 1593 1862 1922 1453 1137 1582 1751 1192 1690 1682 1496 1086 1080 1448 1259 1930 1403 1135 1942 1584 1440 1404 1949 1365 1448 1318 1049 1155 1547 1795 1060 BCNSPRNW ULIB Ver.6.0+V

เปลี่ยนเป็นภาษาไทย

Change to English
 แสดงรายละเอียดบรรณานุกรม
  กลับหน้าหลัก

Brief Record : Get Marc (ISO 2709) : E-mail record : QR code < ปิดหน้าต่าง
LEADER : 00000nam 2200000uu 4500
001    13399127528
003     ULIB
008    210114s2563||||th 000 0 tha d
020 ^- ^a9789990143539
060 ^- ^aWB115^bอ843
245 00 ^aAmbulatory medicine /^cบรรณาธิการ บุษยามาส ชีวสกุลยง, ศุภวรรณ บูรณพิร, ชัยยุทธ เจริญธรรม.
250 ^- ^aพิมพ์ครั้งที่ 1.
260 ^- ^aเชียงใหม่ :^bภาควิชาอายุรศาสตร์ คณะแพทยศาสตร์ มหาวิทยาลัยเชียงใหม่,^c2563
300 ^- ^a380 หน้า :^bภาพประกอบ (ภาพสีบางภาพ)
650 ^4 ^aอายุรศาสตร์.
650  0 ^a การวินิจฉัยโรค.
650  0 ^aการรักษาโรค.
700 0^ ^aบุษยามาส ชีวสกุลยง.
700 0  ^aศุภวรรณ บูรณพิร.
700 0  ^aชัยยุทธ เจริญธรรม.
710 2^ ^aมหาวิทยาลัยเชียงใหม่.ภาควิชาอายุรศาสตร์.
945    ^p400^l0^i007305
945    ^p400^l0^i007306
945    ^p400^l0^i007307
999    ^aประนอม เกษจรัล
รายการนี้ยังไม่มีแท็ก
คุณยังไม่ได้ล็อกอิน คุณสามารถมีกิจกรรมร่วมกับเว็บไซต์ได้ แต่ต้องล็อกอินก่อน ::
  ล็อกอิน

รายการสื่อสารสนเทศ

ลำดับที่ ประเภท เลขเรียก/บาร์โค้ด สถานที่ สถานะ
1. วิทยาศาสตร์การแพทย์ และสุขภาพ
หนังสือสำรอง
สถานะ=หนังสือสำรอง
WB115 อ843 ฉ.1 
  Barcode: 007305
ห้องสมุดวิทยาเขตสวรรค์ประชารักษ์
►หนังสือทั่วไป
บนชั้น
2. วิทยาศาสตร์การแพทย์ และสุขภาพ
วิทยาศาสตร์การแพทย์ และสุขภาพ
WB115 อ843 ฉ.2 
  Barcode: 007306
ห้องสมุดวิทยาเขตสวรรค์ประชารักษ์
►หนังสือทั่วไป
บนชั้น
3. วิทยาศาสตร์การแพทย์ และสุขภาพ
วิทยาศาสตร์การแพทย์ และสุขภาพ
WB115 อ843 ฉ.3 
  Barcode: 007307
ห้องสมุดวิทยาเขตสวรรค์ประชารักษ์
►หนังสือทั่วไป
บนชั้น

รายการใกล้เคียง
    หัวเรื่อง [อายุรศาสตร์.]
    หัวเรื่อง [การวินิจฉัยโรค.]
    หัวเรื่อง [การรักษาโรค.]

BibComment


ยังไม่เคยถูกคอมเมนท์

คอมเมนท์ทรัพยากรรายการนี้
  คอมเมนท์: Ambulatory medic..


 Copyright 2026. Bcnsprnw @Library